Editor Petriho sietí realizovaný v jazyku C#

Uložené v:
Podrobná bibliografia
Hlavný autor: Pozník, Adam (Autor)
Ďalší autori: Kučera, Erik (Vedúci práce)
Médium: Rukopis Kniha
Jazyk:Slovak
Vydavateľské údaje: Bratislava : STU v Bratislave FEI, 2024
Predmet:
On-line prístup:https://opac.crzp.sk/?fn=detailBiblioFormChildEN7SE&sid=DDCD2C6FBCAD481F204BCDB200E4&seo=CRZP-detail-kniha
Tagy: Pridať tag
Žiadne tagy, Buďte prvý, kto otaguje tento záznam!

MARC

LEADER 00000ntm a22000003a 4500
001 stuzp96650
003 SK-STU
005 20250409143753.7
007 ta
008 150427s2015----xo-----f-mn---000-0-slo-d
040 |a STU  |b slo 
041 0 |a slo 
044 |a xo 
100 1 |a Pozník, Adam  |u 030400  |4 aut  |U FEI Fakulta elektrotechniky a informatiky  |T FEI Ústav automobilovej mechatroniky  |X 115352  |U E400  |Y 642  |7 115352 
242 0 1 |a Petri Net Editor Programmed Using C# Language  |y eng 
245 1 0 |a Editor Petriho sietí realizovaný v jazyku C# 
260 |a Bratislava :  |b STU v Bratislave FEI,  |c 2024 
300 |a 54 s. 
650 4 |a Petriho siete  |2 slo 
650 4 |a Avalonia UI  |2 slo 
650 4 |a .NET  |2 slo 
650 4 |a Multiplatformová aplikácia  |2 slo 
650 4 |a Avalonia UI  |2 eng 
650 4 |a .NET  |2 eng 
650 4 |a Petri nets  |2 eng 
650 4 |a Multiplatform application  |2 eng 
700 1 |a Kučera, Erik  |u 030400  |k Z1  |4 ths  |U FEI Fakulta elektrotechniky a informatiky  |T FEI Ústav automobilovej mechatroniky  |X 55901  |U E400  |Y 642  |7 A000055901 
856 4 |u https://opac.crzp.sk/?fn=detailBiblioFormChildEN7SE&sid=DDCD2C6FBCAD481F204BCDB200E4&seo=CRZP-detail-kniha